[Event "DEM U18w Oberhof"]
[Site "?"]
[Date "2013.05.19"]
[Round "2.1"]
[White "Kuehnel, Lena"]
[Black "Tran, My Linh"]
[Result "1/2-1/2"]
[WhiteElo "1933"]
[BlackElo "2085"]
[PlyCount "47"]
[EventDate "2013.??.??"]

1. e4 e5 2. Nf3 Nc6 3. Bc4 Bc5 4. c3 Nf6 5. d4 exd4 6. e5 d5 7. Bb5 Ne4 8. cxd4
Bb4+ 9. Bd2 Nxd2 10. Nbxd2 O-O 11. Bxc6 bxc6 12. Qa4 Bxd2+ 13. Nxd2 Bd7 14. Qc2
Qg5 15. g3 Rab8 16. O-O Qg4 17. Nb3 Rb4 18. Rac1 Qh5 19. Qd1 Bg4 20. f3 Bd7 21.
Rf2 Rfb8 22. Rcc2 R4b6 23. Qc1 Qg6 24. Rc3 1/2-1/2

[Event "DEM U18w Oberhof"]
[Site "?"]
[Date "2013.05.19"]
[Round "2.3"]
[White "Steimbach, Isabel"]
[Black "Kuckling, Hannah"]
[Result "1/2-1/2"]
[WhiteElo "1753"]
[BlackElo "1909"]
[PlyCount "152"]
[EventDate "2013.??.??"]

1. e4 c5 2. c3 Nf6 3. e5 Nd5 4. Bc4 Nb6 5. Bb3 Nc6 6. Nf3 c4 7. Bc2 Qc7 8. Qe2
g5 9. h3 Bg7 10. Nxg5 Qxe5 11. Qxe5 Nxe5 12. O-O d5 13. f4 Ng6 14. d4 cxd3 15.
Bxd3 Bd7 16. Na3 h6 17. Nf3 O-O-O 18. Re1 Bf6 19. Kh2 Nh4 20. Nxh4 Bxh4 21. g3
Bf6 22. Be3 Rde8 23. Bf2 Rhg8 24. Nc2 e5 25. fxe5 Bxe5 26. Nd4 h5 27. Nf3 Bd6
28. Rxe8+ Rxe8 29. Re1 Rxe1 30. Bxe1 Na4 31. b3 Nc5 32. Be2 Ne4 33. Nh4 Nf6 34.
Bd3 Be6 35. Bf2 a6 36. Nf5 Be5 37. Bd4 Bxd4 38. Nxd4 Bd7 39. Nf5 Kc7 40. Ne3
Kd6 41. Kg2 Ke5 42. h4 Ne4 43. c4 Kd4 44. Bxe4 dxe4 45. Kf2 f5 46. Nd5 Be6 47.
Nf4 Bf7 48. Ke2 Kc3 49. Nd5+ Kb2 50. Kd2 Kxa2 51. Kc2 a5 52. Nc3+ Ka3 53. Nb5+
Kb4 54. Nd6 Be6 55. Nxb7 a4 56. bxa4 Bxc4 57. Kd2 Bd5 58. Nd6 Be6 59. Nb5 Kxa4
60. Nd4 Bd7 61. Ke3 Kb4 62. Ne2 Kc4 63. Nf4 Be8 64. Ng2 Kd5 65. Nf4+ Ke5 66.
Ng2 Ba4 67. Nf4 Bd1 68. Ng6+ Kd5 69. Nf4+ Kc4 70. Ng6 Kc3 71. Nf4 Kc2 72. Nd5
Bf3 73. Kf4 Kd3 74. Ne3 Bg4 75. Nd5 Kd4 76. Ne3 Kd3 1/2-1/2

[Event "DEM U18w Oberhof"]
[Site "?"]
[Date "2013.05.19"]
[Round "2.4"]
[White "Spiegelberg, Silvia"]
[Black "Winterholler, Christina"]
[Result "1/2-1/2"]
[WhiteElo "1926"]
[BlackElo "1891"]
[PlyCount "69"]
[EventDate "2013.??.??"]

1. e4 Nc6 2. Bc4 e6 3. Nc3 Nf6 4. d4 d5 5. exd5 exd5 6. Be2 Bb4 7. Bf3 h6 8.
Nge2 Bf5 9. O-O O-O 10. a3 Ba5 11. Nf4 Ne7 12. b4 Bb6 13. Re1 c6 14. Nh5 Nxh5
15. Bxh5 Bg6 16. Bg4 Nf5 17. Ne2 Qf6 18. c3 Nd6 19. Ng3 Nc4 20. Nh5 Bxh5 21.
Bxh5 Rfe8 22. Be2 Nd6 23. Bd3 Bc7 24. f3 Nc4 25. Bxc4 Bxh2+ 26. Kf1 dxc4 27.
Be3 Bg3 28. Bf2 Bc7 29. Qc2 Re7 30. Rxe7 Qxe7 31. Re1 Qd6 32. Qe2 b5 33. Qe4 a5
34. Qe7 axb4 35. axb4 1/2-1/2

[Event "DEM U18w Oberhof"]
[Site "?"]
[Date "2013.05.19"]
[Round "2.5"]
[White "Tettmann, Ann-Kathrin"]
[Black "Schmalhorst, Sophia"]
[Result "0-1"]
[WhiteElo "1871"]
[BlackElo "1925"]
[PlyCount "104"]
[EventDate "2013.??.??"]

1. c4 e6 2. Nc3 d5 3. e3 Nf6 4. Nf3 c6 5. d4 Be7 6. Bd3 dxc4 7. Bxc4 b5 8. Bb3
Bb7 9. O-O O-O 10. Bd2 a6 11. Rc1 Nbd7 12. Ne2 c5 13. Ng3 Rc8 14. dxc5 Nxc5 15.
Nd4 Qd7 16. Ba5 Nxb3 17. Nxb3 Rxc1 18. Qxc1 Rc8 19. Qb1 Qd5 20. f3 Bc5 21. Nxc5
Qxc5 22. Qd3 b4 23. Bd8 Nd5 24. Bg5 h6 25. Ne4 Qb6 26. Bh4 Qxe3+ 27. Qxe3 Nxe3
28. Re1 Nf5 29. Bf2 Rc2 30. Nc5 Bd5 31. Nxa6 Rxb2 32. Bc5 Nh4 33. Bf2 Ng6 34.
Bd4 Rxa2 35. Nxb4 Ra4 36. Bc3 Ra3 37. Bd2 Ba8 38. Rc1 Nh4 39. Be1 Nf5 40. Rc8+
Kh7 41. Rc7 Kg6 42. Nc2 Rb3 43. Rc4 Bd5 44. Rg4+ Kh7 45. Ra4 Rb2 46. Na3 Ra2
47. Ra5 Ne3 48. Bf2 Ra1+ 49. Be1 Rxe1+ 50. Kf2 Nxg2 51. Kxg2 Re2+ 52. Kg3 Re3
0-1

[Event "DEM U18w Oberhof"]
[Site "?"]
[Date "2013.05.19"]
[Round "2.6"]
[White "Berger, Nadja"]
[Black "Puffay, Jana"]
[Result "1/2-1/2"]
[WhiteElo "1789"]
[BlackElo "1498"]
[PlyCount "97"]
[EventDate "2013.??.??"]

1. e4 c5 2. Nf3 Nc6 3. d3 g6 4. Be3 Bg7 5. c3 d6 6. d4 cxd4 7. cxd4 Nf6 8. Nc3
O-O 9. Bc4 Qc7 10. Bb3 Na5 11. Rc1 Nxb3 12. Qxb3 Qa5 13. O-O Bd7 14. Rfd1 Rfc8
15. h3 Ne8 16. Ng5 e6 17. Qxb7 Qd8 18. Qa6 Rc6 19. Qe2 h6 20. Nf3 Nc7 21. Qd2
Kh7 22. d5 exd5 23. Nxd5 Rxc1 24. Rxc1 Nxd5 25. Qxd5 Be6 26. Qd2 Bxa2 27. Ra1
Be6 28. Rxa7 Rxa7 29. Bxa7 Qa8 30. Be3 Qxe4 31. Qxd6 Bxb2 32. Qg3 Bg7 33. Kh2
Qb4 34. Bf4 Qb2 35. Qh4 Kg8 36. Qd8+ Kh7 37. Qh4 Kg8 38. Be3 Qb8+ 39. Bf4 Qb2
40. Be3 Qb8+ 41. Bf4 Qb2 42. Qg3 Qc3 43. Bd2 Qb2 44. Qd6 Qa1 45. Qd8+ Kh7 46.
Qh4 Qf6 47. Qg3 Qd8 48. Bf4 Bd5 49. Be3 1/2-1/2

[Event "DEM U18w Oberhof"]
[Site "?"]
[Date "2013.05.19"]
[Round "2.7"]
[White "Schaetz, Bianca"]
[Black "Spieker, Christine"]
[Result "1-0"]
[WhiteElo "1846"]
[BlackElo "1689"]
[PlyCount "103"]
[EventDate "2013.??.??"]

1. c4 c5 2. Nc3 Nf6 3. g3 g6 4. Bg2 Bg7 5. Nf3 Nc6 6. O-O O-O 7. d4 cxd4 8.
Nxd4 Nxd4 9. Qxd4 d6 10. Qd2 Rb8 11. e4 Bd7 12. b3 Qa5 13. Bb2 b5 14. cxb5 Bxb5
15. Rfd1 Qb6 16. Nxb5 Qxb5 17. f3 Rfc8 18. Bf1 Qb7 19. Bc4 Nd7 20. Bxg7 Kxg7
21. Qd4+ Kg8 22. Rac1 Nb6 23. Bf1 Rxc1 24. Rxc1 Rc8 25. Qd2 Rxc1 26. Qxc1 d5
27. e5 Nd7 28. Qe3 Qc7 29. e6 Qc5 30. Qxc5 Nxc5 31. exf7+ Kxf7 32. b4 Nd7 33.
Kf2 e5 34. a4 Ke6 35. Ke3 d4+ 36. Kd2 Kd5 37. a5 Nf6 38. Bd3 e4 39. fxe4+ Nxe4+
40. Bxe4+ Kxe4 41. b5 Kd5 42. b6 axb6 43. axb6 Kc6 44. Kd3 Kxb6 45. Kxd4 Kc6
46. Ke5 Kc5 47. Kf6 Kd5 48. Kg7 Ke6 49. Kxh7 Kf5 50. Kh6 g5 51. Kh5 g4 52. Kh4
1-0

[Event "DEM U18w Oberhof"]
[Site "?"]
[Date "2013.05.19"]
[Round "2.8"]
[White "Kostre, Margarita"]
[Black "Schaefer, Ann-Kathrin"]
[Result "1/2-1/2"]
[WhiteElo "1723"]
[BlackElo "1698"]
[PlyCount "62"]
[EventDate "2013.??.??"]

1. e4 Nc6 2. d4 d5 3. e5 Bf5 4. c3 e6 5. Nf3 Nge7 6. Bg5 h6 7. Bxe7 Bxe7 8.
Nbd2 O-O 9. Be2 Na5 10. b4 Nc6 11. O-O f6 12. exf6 Bxf6 13. Nb3 e5 14. dxe5
Bxe5 15. Nxe5 Nxe5 16. Nd4 Bd7 17. Nf3 Nxf3+ 18. Bxf3 c6 19. Qd4 Qg5 20. h4 Qg6
21. Kh1 Qd6 22. Rae1 Rf4 23. Re4 Raf8 24. Rfe1 Qc7 25. Qe5 Qxe5 26. Rxe5 Rxh4+
27. Kg1 Rc4 28. Rxd5 Rxf3 29. Rxd7 Rfxc3 30. Ree7 Rg4 31. Rxb7 Ra3 1/2-1/2

[Event "DEM U18w Oberhof"]
[Site "?"]
[Date "2013.05.19"]
[Round "2.9"]
[White "Lehmann, Patricia"]
[Black "Halas, Julia"]
[Result "1-0"]
[WhiteElo "1637"]
[BlackElo "1576"]
[PlyCount "61"]
[EventDate "2013.??.??"]

1. d4 d5 2. c4 e6 3. Nc3 Nf6 4. Bg5 Nbd7 5. Nf3 c6 6. cxd5 exd5 7. e3 Be7 8.
Bd3 h6 9. Bh4 O-O 10. O-O Ne4 11. Bxe7 Qxe7 12. Qc2 f5 13. Rae1 Qf6 14. Kh1 Qe7
15. Ne2 Qd6 16. Nf4 b6 17. Ng1 c5 18. Nxd5 Nd2 19. Ne7+ Qxe7 20. Qxd2 Bb7 21.
Bc4+ Kh8 22. Ne2 Qg5 23. f3 cxd4 24. Qxd4 Rad8 25. Qf4 Qf6 26. Nd4 Rde8 27. Bb5
Re7 28. Bd3 Qf7 29. Qxf5 Qxf5 30. Nxf5 Re5 31. Nh4 1-0

[Event "DEM U18w Oberhof"]
[Site "?"]
[Date "2013.05.19"]
[Round "2.10"]
[White "Liez, Franziska"]
[Black "Wulf, Constanze"]
[Result "1-0"]
[WhiteElo "1844"]
[BlackElo "1675"]
[PlyCount "59"]
[EventDate "2013.??.??"]

1. e4 c6 2. d4 d5 3. exd5 cxd5 4. Bd3 Nc6 5. c3 Qc7 6. Qf3 Nf6 7. Bf4 e5 8.
dxe5 Nxe5 9. Qe2 Bd6 10. Bxe5 Bxe5 11. f4 O-O 12. fxe5 Re8 13. Nf3 Ng4 14. O-O
Nxe5 15. Nxe5 Rxe5 16. Qf2 Rh5 17. h3 Be6 18. Nd2 Rh6 19. Nf3 Rf6 20. Qc2 h6
21. Nd4 Rxf1+ 22. Bxf1 Qg3 23. Qd3 Qe5 24. Qe2 Qd6 25. Re1 Re8 26. Qf2 a6 27.
Bd3 Qd7 28. Qg3 Kh8 29. Qe5 Kg8 30. Bf5 1-0

[Event "DEM U18w Oberhof"]
[Site "?"]
[Date "2013.05.19"]
[Round "2.11"]
[White "Tobianski, Karina"]
[Black "Stolcz, Bianca"]
[Result "0-1"]
[WhiteElo "1498"]
[BlackElo "1697"]
[PlyCount "60"]
[EventDate "2013.??.??"]

1. e4 c5 2. c3 g6 3. d4 cxd4 4. cxd4 d5 5. e5 Nc6 6. Nf3 Bg4 7. Be2 Bxf3 8.
Bxf3 e6 9. Be3 Nge7 10. O-O Bg7 11. Be2 O-O 12. Nd2 Qb6 13. Nb3 f6 14. f4 fxe5
15. fxe5 Nxe5 16. Bf2 N5c6 17. Qd2 Nf5 18. Rad1 Bh6 19. Qc3 Rac8 20. Qh3 Bg7
21. Bg4 Nb4 22. a3 Nc2 23. Rd2 Nce3 24. Bxe3 Qxb3 25. Bf2 Qa4 26. Rfd1 Rc7 27.
Bxf5 Rxf5 28. Qe3 Rcf7 29. Bg3 Qa6 30. Rd3 Bxd4 0-1

[Event "DEM U18w Oberhof"]
[Site "?"]
[Date "2013.05.19"]
[Round "2.12"]
[White "Schrader, Elanor"]
[Black "Tran, Kim Thuy-Vy"]
[Result "1-0"]
[WhiteElo "1738"]
[BlackElo "763"]
[PlyCount "117"]
[EventDate "2013.??.??"]

1. e4 Nc6 2. d4 d5 3. e5 f6 4. Nf3 Bg4 5. Bb5 Qd7 6. h3 Bxf3 7. Qxf3 a6 8. Bxc6
Qxc6 9. Qc3 Qd7 10. O-O O-O-O 11. Bf4 g5 12. Bg3 e6 13. h4 g4 14. Re1 f5 15.
Nd2 b6 16. b4 Ne7 17. a4 Qc6 18. Qd3 Qe8 19. Qxa6+ Kd7 20. a5 Bh6 21. Nb3 Ra8
22. Qb5+ Kd8 23. Qxe8+ Rxe8 24. axb6 Rxa1 25. bxc7+ Kxc7 26. Rxa1 f4 27. Bh2
Kb6 28. Nc5 Nf5 29. Nd7+ Kc7 30. Nf6 Rb8 31. Nxg4 Bf8 32. c3 Kb6 33. h5 Kb5 34.
Bxf4 Kc4 35. Bd2 Kd3 36. Be1 Be7 37. Ra6 Ke2 38. Ra1 Rg8 39. f3 Rg5 40. Bf2
Rxh5 41. Nf6 Rg5 42. Nxh7 Rg6 43. b5 Bd8 44. Nf8 Rg8 45. Nxe6 Bh4 46. Nf4+ Kd2
47. Nxd5 Bg5 48. b6 Be3 49. Bxe3+ Nxe3 50. Nxe3 Kxe3 51. b7 Rb8 52. Rb1 Kd3 53.
e6 Kxc3 54. e7 Kc2 55. Rb5 Kd3 56. e8=Q Rxe8 57. b8=Q Rxb8 58. Rxb8 Ke3 59. d5
1-0

[Event "DEM U18w Oberhof"]
[Site "?"]
[Date "2013.05.20"]
[Round "3.1"]
[White "Schmalhorst, Sophia"]
[Black "Tran, My Linh"]
[Result "1/2-1/2"]
[WhiteElo "1925"]
[BlackElo "2085"]
[PlyCount "67"]
[EventDate "2013.??.??"]

1. e4 e5 2. Nf3 Nc6 3. Bb5 a6 4. Ba4 Nf6 5. O-O Be7 6. Re1 b5 7. Bb3 O-O 8. h3
d6 9. c3 Re8 10. Ng5 Rf8 11. Nf3 h6 12. d4 Re8 13. Nbd2 Bf8 14. Nf1 Bb7 15. Ng3
g6 16. a4 Bg7 17. axb5 axb5 18. Rxa8 Bxa8 19. Qe2 Qb8 20. dxe5 dxe5 21. Rd1 Na5
22. Bc2 Nc4 23. b3 Nd6 24. Ba3 Bc6 25. Bb4 Bf8 26. Qe3 Qb7 27. Ra1 Bxe4 28.
Nxe4 Nfxe4 29. Ra7 Qc6 30. Bxe4 Nxe4 31. Bxf8 Kxf8 32. Qxh6+ Kg8 33. Qe3 Nd6
34. Ra1 1/2-1/2

[Event "DEM U18w Oberhof"]
[Site "?"]
[Date "2013.05.20"]
[Round "3.2"]
[White "Winterholler, Christina"]
[Black "Duessler, Stefanie"]
[Result "0-1"]
[WhiteElo "1891"]
[BlackElo "2019"]
[PlyCount "240"]
[EventDate "2013.??.??"]

1. e4 c5 2. Nf3 Nc6 3. Bb5 e6 4. b3 Nge7 5. Bb2 a6 6. Bxc6 Nxc6 7. O-O d6 8. d4
cxd4 9. Nxd4 e5 10. Nxc6 bxc6 11. c4 Qc7 12. Nc3 Be6 13. Qe2 Be7 14. Rad1 O-O
15. Rd3 f5 16. exf5 Bxf5 17. Ne4 Rad8 18. Rfd1 Rd7 19. Rf3 Rf7 20. h3 Be6 21.
Rxf7 Bxf7 22. Qg4 Rd8 23. f4 g6 24. fxe5 dxe5 25. Rxd8+ Bxd8 26. Qg3 Qa7+ 27.
Kh1 Bc7 28. Bxe5 Bxe5 29. Qxe5 h6 30. Nf6+ Kf8 31. Nh7+ Kg8 32. Nf6+ Kf8 33.
Qd6+ Kg7 34. Qxc6 Qf2 35. Ng4 Qf1+ 36. Kh2 h5 37. Qe4 hxg4 38. Qxg4 Qf2 39. a4
Qe3 40. Qd1 Qc3 41. Qd6 Qxb3 42. Qd4+ Kf8 43. Qd6+ Ke8 44. Qe5+ Kd7 45. Qd4+
Ke7 46. Qe5+ Be6 47. Qg7+ Kd6 48. Qd4+ Kc6 49. Qe4+ Kd7 50. Qd4+ Ke8 51. Qh8+
Kd7 52. Qd4+ Ke8 53. Qh8+ Kf7 54. Qh7+ Kf6 55. Qh4+ Ke5 56. Qg5+ Bf5 57. g4
Qxa4 58. gxf5 Qc2+ 59. Kg1 Qxf5 60. Qe3+ Qe4 61. Qc5+ Kf4 62. Qd6+ Kf3 63. Qd1+
Ke3 64. Qb3+ Kf4 65. Qb8+ Qe5 66. Qf8+ Kg3 67. Qf2+ Kxh3 68. Qg2+ Kh4 69. Qf2+
Kg5 70. Qg2+ Kf6 71. Qc6+ Qe6 72. Qf3+ Kg5 73. c5 Qe1+ 74. Kh2 Qe5+ 75. Kg2
Qxc5 76. Qg3+ Kf6 77. Qf4+ Qf5 78. Qd6+ Qe6 79. Qf4+ Ke7 80. Qc7+ Ke8 81. Qb8+
Kf7 82. Qb7+ Kg8 83. Qb8+ Kf7 84. Qb7+ Kg8 85. Qb8+ Kh7 86. Qh2+ Kg7 87. Qc7+
Kh6 88. Qf4+ Kh5 89. Kg3 Qe1+ 90. Kh3 Qc3+ 91. Kg2 Qc2+ 92. Kg3 Qd3+ 93. Kg2
Qf5 94. Qc7 a5 95. Qh7+ Kg5 96. Qe7+ Kh6 97. Qh4+ Qh5 98. Qd4 Qg5+ 99. Kh3 Qf5+
100. Kg3 g5 101. Qh8+ Kg6 102. Qe8+ Kf6 103. Qf8+ Ke5 104. Qc5+ Ke4 105. Qc2+
Ke5 106. Qc5+ Kf6 107. Qf8+ Kg6 108. Qg8+ Kh6 109. Qh8+ Qh7 110. Qf6+ Kh5 111.
Qf3+ Kg6 112. Qd3+ Kh6 113. Qd6+ Qg6 114. Qf8+ Qg7 115. Qd6+ Kh5 116. Qd1+ Kg6
117. Qd6+ Qf6 118. Qd3+ Kh6 119. Kh3 g4+ 120. Kg3 Qf3+ 0-1

[Event "DEM U18w Oberhof"]
[Site "?"]
[Date "2013.05.20"]
[Round "3.3"]
[White "Kuckling, Hannah"]
[Black "Kuehnel, Lena"]
[Result "1-0"]
[WhiteElo "1909"]
[BlackElo "1933"]
[PlyCount "103"]
[EventDate "2013.??.??"]

1. e4 e5 2. Nf3 Nc6 3. Bb5 a6 4. Ba4 Nf6 5. O-O b5 6. Bb3 Be7 7. d3 O-O 8. Re1
d6 9. c3 Re8 10. Nbd2 Bf8 11. Nf1 Na5 12. Bc2 c5 13. Ng3 g6 14. d4 Qc7 15. h3
Bg7 16. b3 cxd4 17. cxd4 exd4 18. Nxd4 Bb7 19. Bf4 Qb6 20. Nf3 d5 21. Be3 Qd8
22. exd5 Nxd5 23. Bd4 Rxe1+ 24. Qxe1 Bxd4 25. Nxd4 Nc6 26. Nxc6 Bxc6 27. Rd1
Qe8 28. Qxe8+ Rxe8 29. Be4 Nb4 30. Bxc6 Nxc6 31. Rd6 Re1+ 32. Kh2 Re6 33. Rxe6
fxe6 34. Ne4 Nb4 35. a3 Nc2 36. a4 bxa4 37. bxa4 Nd4 38. Nc5 a5 39. Kg3 Kf7 40.
Kf4 Nc6 41. Kg5 h5 42. Kf4 Ke7 43. Nb7 Kf6 44. Ke4 e5 45. Kd5 Nb4+ 46. Kc4 e4
47. Nxa5 Nd3 48. Nc6 Nxf2 49. a5 e3 50. Nd4 Ne4 51. a6 Nd6+ 52. Kd3 1-0

[Event "DEM U18w Oberhof"]
[Site "?"]
[Date "2013.05.20"]
[Round "3.4"]
[White "Puffay, Jana"]
[Black "Spiegelberg, Silvia"]
[Result "0-1"]
[WhiteElo "1498"]
[BlackElo "1926"]
[PlyCount "60"]
[EventDate "2013.??.??"]

1. e4 e5 2. Nf3 Nc6 3. Bc4 Bc5 4. c3 Nf6 5. d3 a6 6. Bb3 Ba7 7. Nbd2 O-O 8. O-O
h6 9. h3 d6 10. Re1 Be6 11. Bc2 Re8 12. Nf1 d5 13. Qe2 d4 14. Ng3 Qe7 15. Nh4
Rad8 16. Ngf5 Bxf5 17. Nxf5 Qf8 18. Qf3 b5 19. Bb3 a5 20. Nxh6+ gxh6 21. Qxf6
Rd6 22. Qf5 Qg7 23. Qf3 Rf6 24. Qg3 Rg6 25. Qf3 dxc3 26. Rf1 Nd4 27. Qd1 Nxb3
28. axb3 Rxg2+ 29. Kh1 Bxf2 30. Rxf2 Rxf2 0-1

[Event "DEM U18w Oberhof"]
[Site "?"]
[Date "2013.05.20"]
[Round "3.5"]
[White "Zeller, Elisa"]
[Black "Steimbach, Isabel"]
[Result "1/2-1/2"]
[WhiteElo "1896"]
[BlackElo "1753"]
[PlyCount "138"]
[EventDate "2013.??.??"]

1. e4 e5 2. Nf3 d6 3. d4 exd4 4. Nxd4 Nf6 5. Nc3 Be7 6. Bf4 O-O 7. Qd2 c6 8.
O-O-O b5 9. f3 b4 10. Nce2 Qb6 11. g4 d5 12. exd5 cxd5 13. Ng3 Be6 14. Ngf5 Bc5
15. Nb3 Nbd7 16. Nxc5 Nxc5 17. Nxg7 Nce4 18. fxe4 Nxe4 19. Qd4 Qxd4 20. Rxd4
Kxg7 21. Rxb4 Rfd8 22. Be2 Nf2 23. Rf1 Ne4 24. Be5+ Kf8 25. g5 Re8 26. Bb5 Bd7
27. Bxd7 Rxe5 28. Bc6 Rc8 29. Bxd5 Rxd5 30. Rxe4 Rxg5 31. Ref4 Rc7 32. b3 Rg2
33. R1f2 Rxf2 34. Rxf2 Ke7 35. c4 Ke6 36. Kd2 Ke5 37. Ke3 f5 38. Rd2 h6 39.
Rd5+ Ke6 40. Kf4 Rg7 41. Re5+ Kd6 42. Rxf5 Rg2 43. Ra5 Rxh2 44. Rxa7 Kc5 45.
Kg4 Kb4 46. Ra4+ Kc5 47. Ra5+ Kc6 48. Rh5 Rxa2 49. Rxh6+ Kc5 50. Rh5+ Kc6 51.
Kf3 Rd2 52. Ke3 Rd1 53. Ke2 Rd8 54. b4 Rd4 55. Rc5+ Kb6 56. Ke3 Rd1 57. Rd5 Rb1
58. b5 Rc1 59. Kd4 Rd1+ 60. Ke5 Re1+ 61. Kd6 Re4 62. c5+ Kxb5 63. c6+ Kb6 64.
Kd7 Rc4 65. Rd6 Rc1 66. Rd2 Rh1 67. Rb2+ Ka7 68. Rb7+ Ka6 69. Rb8 Rh7+ 1/2-1/2

[Event "DEM U18w Oberhof"]
[Site "?"]
[Date "2013.05.20"]
[Round "3.6"]
[White "Liez, Franziska"]
[Black "Berger, Nadja"]
[Result "1/2-1/2"]
[WhiteElo "1844"]
[BlackElo "1789"]
[PlyCount "63"]
[EventDate "2013.??.??"]

1. e4 c6 2. d4 d5 3. exd5 cxd5 4. Bd3 Nc6 5. c3 Qc7 6. Qf3 Nxd4 7. Qxd5 e5 8.
Nf3 Be6 9. Qe4 f5 10. Qe3 Nxf3+ 11. Qxf3 g6 12. Bb5+ Kf7 13. Nd2 Nf6 14. Qe2 a6
15. Bc4 Re8 16. Bxe6+ Rxe6 17. Nf3 Re8 18. Bg5 Ne4 19. Be3 Be7 20. O-O-O Rc8
21. Qc2 b5 22. Qb3+ Kg7 23. Kb1 Rhe8 24. Rhe1 a5 25. Rd5 Bd6 26. Rxb5 Rb8 27.
Rc1 Rxb5 28. Qxb5 Rb8 29. Qd3 a4 30. Ka1 a3 31. b3 Rd8 32. Qc2 1/2-1/2

[Event "DEM U18w Oberhof"]
[Site "?"]
[Date "2013.05.20"]
[Round "3.7"]
[White "Stolcz, Bianca"]
[Black "Schaetz, Bianca"]
[Result "1/2-1/2"]
[WhiteElo "1697"]
[BlackElo "1846"]
[PlyCount "55"]
[EventDate "2013.??.??"]

1. e4 c5 2. Nf3 Nc6 3. d4 cxd4 4. Nxd4 g6 5. Nc3 Bg7 6. Be3 Nf6 7. Bc4 Qa5 8.
O-O O-O 9. Bb3 d6 10. h3 Bd7 11. Re1 Rfe8 12. Qe2 a6 13. Nf3 b5 14. a4 b4 15.
Nd5 Nxd5 16. exd5 Nd8 17. Nd2 Qc7 18. Nc4 Rb8 19. Rad1 a5 20. Bd4 Bxd4 21. Rxd4
Nb7 22. Qd2 e5 23. dxe6 Rxe6 24. Rxe6 Bxe6 25. Nxd6 Bxb3 26. cxb3 Nxd6 27. Rxd6
Re8 28. Rd7 1/2-1/2

[Event "DEM U18w Oberhof"]
[Site "?"]
[Date "2013.05.20"]
[Round "3.8"]
[White "Schrader, Elanor"]
[Black "Tettmann, Ann-Kathrin"]
[Result "1-0"]
[WhiteElo "1738"]
[BlackElo "1871"]
[PlyCount "45"]
[EventDate "2013.??.??"]

1. e4 c5 2. c3 Nf6 3. e5 Nd5 4. Nf3 e6 5. d4 cxd4 6. cxd4 a6 7. Bd3 d6 8. O-O
Nc6 9. a3 Be7 10. Re1 O-O 11. Qc2 h6 12. Qe2 Kh8 13. Bxh6 gxh6 14. Qe4 f5 15.
exf6 Nxf6 16. Qg6 Qc7 17. Qxh6+ Kg8 18. Qg6+ Kh8 19. Ng5 Bd8 20. Re3 e5 21.
Qh6+ Kg8 22. Rg3 Ng4 23. Bh7+ 1-0

[Event "DEM U18w Oberhof"]
[Site "?"]
[Date "2013.05.20"]
[Round "3.9"]
[White "Schaefer, Ann-Kathrin"]
[Black "Lehmann, Patricia"]
[Result "1-0"]
[WhiteElo "1698"]
[BlackElo "1637"]
[PlyCount "41"]
[EventDate "2013.??.??"]

1. e4 c5 2. Nf3 d6 3. d4 cxd4 4. Nxd4 Nf6 5. f3 Nc6 6. c4 e6 7. Nc3 Be7 8. Be2
a6 9. O-O O-O 10. Be3 Qc7 11. Qd2 Ne5 12. Rfc1 Rd8 13. a4 b6 14. a5 bxa5 15.
Nb3 Nc6 16. Na4 Nd7 17. Qe1 Rb8 18. Ra3 Qb7 19. Nxa5 Nxa5 20. Qxa5 Qxb2 21.
Nxb2 1-0

[Event "DEM U18w Oberhof"]
[Site "?"]
[Date "2013.05.20"]
[Round "3.10"]
[White "Spieker, Christine"]
[Black "Kostre, Margarita"]
[Result "0-1"]
[WhiteElo "1689"]
[BlackElo "1723"]
[PlyCount "122"]
[EventDate "2013.??.??"]

1. Nf3 Nf6 2. c4 g6 3. g3 Bg7 4. Bg2 O-O 5. O-O d6 6. d4 Nc6 7. Nc3 e5 8. dxe5
Nxe5 9. Nxe5 dxe5 10. Bg5 Qxd1 11. Rfxd1 c6 12. Ne4 Nxe4 13. Bxe4 Be6 14. Rac1
f5 15. Bg2 h6 16. Bd2 Rad8 17. b3 Rd7 18. Be3 Rfd8 19. Rxd7 Rxd7 20. Bxa7 Rd2
21. Bf1 Rxa2 22. Bc5 f4 23. e3 fxe3 24. fxe3 Bf5 25. b4 h5 26. b5 Bf6 27. bxc6
bxc6 28. Bg2 e4 29. Bf1 h4 30. Bd4 Bxd4 31. exd4 hxg3 32. hxg3 Rd2 33. d5 cxd5
34. cxd5 Kg7 35. Bc4 Bh3 36. Re1 Rd4 37. Ba6 Bf5 38. Bb7 Kf6 39. Kf2 Ke5 40.
Ke3 Rd3+ 41. Kf2 Rf3+ 42. Kg2 Rb3 43. Bc6 Rb2+ 44. Kf1 Bh3+ 45. Kg1 Rg2+ 46.
Kh1 Rxg3 47. d6 Kxd6 48. Bxe4 Bf5 49. Bg2 Ra3 50. Kh2 Ra7 51. Kg1 Rg7 52. Kh2
g5 53. Kg1 g4 54. Kf2 Be6 55. Kg3 Ra7 56. Re3 Ra2 57. Be4 Rb2 58. Bg2 Bf5 59.
Bf1 Kd5 60. Be2 Kd4 61. Ra3 Rxe2 0-1

[Event "DEM U18w Oberhof"]
[Site "?"]
[Date "2013.05.20"]
[Round "3.11"]
[White "Halas, Julia"]
[Black "Tobianski, Karina"]
[Result "1-0"]
[WhiteElo "1576"]
[BlackElo "1498"]
[PlyCount "55"]
[EventDate "2013.??.??"]

1. d4 d5 2. c4 e6 3. Nc3 c6 4. Nf3 f5 5. Bg5 Nf6 6. e3 Be7 7. Bd3 O-O 8. O-O
Nbd7 9. cxd5 cxd5 10. Rc1 Nb6 11. Qe2 Bd7 12. Rc2 Rc8 13. Rfc1 a6 14. Ne5 Be8
15. Rb1 Bh5 16. Qe1 h6 17. Bh4 g5 18. Bg3 Ne4 19. f3 Nf6 20. b4 Nfd7 21. a4 f4
22. exf4 gxf4 23. Nxd7 Qxd7 24. Bh4 Rf7 25. Bxe7 Qxe7 26. Qe5 Qg5 27. Qxe6 Nc4
28. Qxc8+ 1-0

[Event "DEM U18w Oberhof"]
[Site "?"]
[Date "2013.05.21"]
[Round "4.1"]
[White "Duessler, Stefanie"]
[Black "Schmalhorst, Sophia"]
[Result "1/2-1/2"]
[WhiteElo "2019"]
[BlackElo "1925"]
[PlyCount "173"]
[EventDate "2013.??.??"]

1. e4 e5 2. Nf3 Nc6 3. Bb5 a6 4. Ba4 Nf6 5. O-O Nxe4 6. d4 exd4 7. Re1 d5 8.
Nxd4 Bd6 9. Qf3 Bd7 10. Bxc6 bxc6 11. Nd2 f5 12. Qh5+ g6 13. Qh6 Kf7 14. N4f3
Qf6 15. Nxe4 fxe4 16. Ng5+ Kg8 17. Nh3 Bxh3 18. Qxh3 Rf8 19. Rf1 Qf5 20. Qh4
Be5 21. f3 Bd4+ 22. Kh1 Bf6 23. Qe1 exf3 24. Rxf3 Qe5 25. Bh6 Qxe1+ 26. Rxe1
Bg7 27. Bxg7 Kxg7 28. Re7+ Kh6 29. Rxc7 Re8 30. Kg1 Re6 31. h3 Rhe8 32. Ra3 Rb8
33. b3 Rb6 34. Ra5 g5 35. Rc5 Kg6 36. Kf2 h5 37. a4 Kf5 38. Rc3 Kg6 39. a5 Rb5
40. R3xc6 Kf5 41. Rxe6 Kxe6 42. Rc6+ Ke5 43. Rxa6 Rc5 44. c4 dxc4 45. bxc4 Rxc4
46. Ra8 Rc2+ 47. Kg3 Rc3+ 48. Kh2 Ra3 49. Rh8 Rxa5 50. Rxh5 Kf6 51. h4 Ra4 52.
hxg5+ Kg6 53. Rh8 Kxg5 54. Rb8 Ra2 55. Kh3 Ra3+ 56. g3 Ra4 57. Rb5+ Kg6 58. Rc5
Rb4 59. Ra5 Rc4 60. Ra6+ Kg5 61. Ra8 Rb4 62. Rg8+ Kh5 63. g4+ Kh6 64. Ra8 Kg5
65. Ra5+ Kg6 66. Kh4 Rc4 67. Ra6+ Kg7 68. Kh5 Rc5+ 69. g5 Rc8 70. Ra7+ Kg8 71.
Kh6 Rc6+ 72. g6 Rc8 73. Rf7 Kh8 74. Re7 Kg8 75. Kg5 Rc5+ 76. Kf6 Rc6+ 77. Re6
Rxe6+ 78. Kxe6 Kg7 79. Kf5 Kg8 80. Kg4 Kg7 81. Kg5 Kg8 82. Kf6 Kf8 83. Kg5 Kg7
84. Kh5 Kg8 85. Kh6 Kh8 86. g7+ Kg8 87. Kg6 1/2-1/2

[Event "DEM U18w Oberhof"]
[Site "?"]
[Date "2013.05.21"]
[Round "4.2"]
[White "Spiegelberg, Silvia"]
[Black "Kuckling, Hannah"]
[Result "1/2-1/2"]
[WhiteElo "1926"]
[BlackElo "1909"]
[PlyCount "119"]
[EventDate "2013.??.??"]

1. e4 c5 2. Nf3 e6 3. d4 cxd4 4. Nxd4 Nc6 5. Nb5 d6 6. Bf4 e5 7. Be3 Nf6 8. Bg5
a6 9. Bxf6 gxf6 10. N5c3 Be6 11. Nd2 Be7 12. Bc4 Rc8 13. Bxe6 fxe6 14. Nb3 Qb6
15. Qg4 Kd7 16. Nd5 Qd8 17. Rd1 b6 18. O-O f5 19. exf5 exd5 20. f6+ Kc7 21.
fxe7 Nxe7 22. f4 Qd7 23. Qe2 Qb5 24. Qd2 Kb7 25. f5 Rhf8 26. Qg5 Qd7 27. f6 Ng6
28. c3 Nf4 29. Qh6 Rg8 30. Rd2 Rg6 31. Qh4 Rcg8 32. Rxf4 exf4 33. Qh5 Qf7 34.
Qf3 Rxf6 35. Rxd5 Ka7 36. Nd4 Qe8 37. Nc2 Rfg6 38. Rd2 Qa8 39. Qh3 R8g7 40. a4
Qe4 41. b4 h5 42. a5 f3 43. axb6+ Kxb6 44. g3 h4 45. Kf2 hxg3+ 46. hxg3 Qe5 47.
Ne3 Qxg3+ 48. Qxg3 Rxg3 49. Rxd6+ Kb7 50. Nf5 R3g6 51. Rxg6 Rxg6 52. Kxf3 Rg1
53. Ke4 Kb6 54. Nd4 Rg3 55. c4 Rg5 56. c5+ Kb7 57. Kd3 Rg1 58. Kc4 Rc1+ 59. Kd5
Rb1 60. Kc4 1/2-1/2